=LDR 00000nam 2200000 4500 =001 INLIS000000000031543 =005 20200828100852 =035 ##$$a 0010-061300000031543 =008 200828################g##########0#ind## =041 ##$$a ind =090 ##$$a 2x4.4, Har, w =100 1#$$a Harun, Chairul =245 1#$$a Warisan, /$c Chairul Harun =260 ##$$a Jakarta :$b Dunia Pustaka Jaya,$c 2002 =300 ##$$a 134 hlm., ; $c 12x18 cm =650 #4$$a Hukum waris =850 ##$$a NBPNMAT =020 ##$$a 979-419-292-9 =082 ##$$a 2x4.4 =084 ##$$a 2x4.4 HAR w =250 ##$$a cet.2 =990 ##$$a 20904020 =990 ##$$a 20904018 =990 ##$$a 20904017 =990 ##$$a 20904022 =990 ##$$a 20904021